logo

Bir Sreshtho Munshi Abdur Rouf Library
Jhenaidah Cadet College

Lev Tolstoy / (Record no. 9703)

MARC details
000 -LEADER
fixed length control field 00679cam a22002411 4500
001 - CONTROL NUMBER
JCCL Control Number 9703
003 - CONTROL NUMBER IDENTIFIER
JCCL marc code BD - JhCC
005 - DATE AND TIME OF LATEST TRANSACTION
control field 20180403194402.0
008 - FIXED-LENGTH DATA ELEMENTS--GENERAL INFORMATION
fixed length control field 180322s1978 ru af 000 0beng
035 ## - SYSTEM CONTROL NUMBER
system control number OCLC ocm04955996 from D961029M
-- (BD - JhCC)9703
040 ## - CATALOGING SOURCE
Original cataloging agency DLC
Transcribing agency DLC
Modifying agency EQO
-- BD - JhCC
041 1# - LANGUAGE CODE
Language code of Book eng
Language code of original and/or intermediate translations of text rus
050 0# - LIBRARY OF CONGRESS CALL NUMBER
Classification number PG3385
Item number .S4913
082 0# - DEWEY DECIMAL CLASSIFICATION NUMBER
Classification number 891.73/3
DDC Edition number 19
Author mark and Year KAR
100 1# - MAIN ENTRY--PERSONAL NAME
Personal name Karenina, Anna
Dates associated with a name 1893-1984.
240 10 - UNIFORM TITLE
Uniform title Lev Tolstoĭ.
245 10 - TITLE STATEMENT
Title Lev Tolstoy /
Statement of responsibility, etc Anna Karenina
260 ## - PUBLICATION, DISTRIBUTION, ETC. (IMPRINT)
Place of publication, distribution, etc Moscow :
Name of publisher, distributor, etc Progress Publishers,
Date of publication, distribution, etc c1978.
300 ## - PHYSICAL DESCRIPTION
Pagination 584 p. :
Other physical details ill. ;
Dimensions 21 cm.
600 10 - SUBJECT ADDED ENTRY--PERSONAL NAME
Personal name Tolstoy, Leo,
Titles and other words associated with a name graf,
Dates associated with a name 1828-1910.
942 ## - ADDED ENTRY ELEMENTS (KOHA)
Source of classification or shelving scheme Dewey Decimal Classification
Koha item type Books
Holdings
Source of classification or shelving scheme Damaged status Not for loan Home library Current library Shelving location Total Checkouts Full call number Barcode Date last seen Copy number Koha item type Date of accession Date checked out
Dewey Decimal Classification     JCC Rouf Library JCC Rouf Library General Stacks   891.73/3 KAR 12965 03/22/2018 C-1 Books    
Dewey Decimal Classification     JCC Rouf Library JCC Rouf Library General Stacks 1 891.73/3 KAR 13060 05/05/2025 C-2 Books 04/03/2018 04/28/2025

JCC Library | Contacts | JCC Home

Last Update on 23 September 2017
Copyright @ 2017-2020 JCC Rouf Library
Rouf Library, Jhenidah Cadet College (JCC), Bangladesh